Statistics for Name a Valid Capital #2

Click here to take the quiz!

General Stats

  • This quiz has been taken 23,846 times
  • The average score is 12 of 17

Answer Stats

Name a capital that ...Answer% Correct
Has two words in its name and the first word is "San"San José | San Marino | San Salvador
92%
Starts with the letter OOslo | Ottawa | Ouagadougou
89%
Is on a Caribbean island
Havana | Santo Domingo |
Port-au-Prince | Kingston | +9 others
83%
Is mentioned in the Old TestamentDamascus | Jerusalem
82%
Has a latitude below 30° south
Wellington | Canberra | Montevideo | Buenos Aires |
Cape Town | Santiago
82%
Is not the only capital of the countrySucre | La Paz | Pretoria | Cape Town | Bloemfontein
81%
Is not one of the country's five largest cities
(by city proper population)
Bloemfontein | Canberra | Islamabad |
Rabat | Sri Jayawardenepura Kotte |
Sucre | Valletta | Washington D.C.
72%
Within sight of the HimalayasIslamabad | Kathmandu | Thimphu
72%
Less than 75 km from another capital city
Rome | Vatican City | Kinshasa | Brazzaville |
Vienna | Bratislava | Amman | Jerusalem
70%
Has a Z in its nameZagreb | Vaduz | La Paz | Brazzaville
70%
Has an average daily high temperature
of at least 33° Celsius
Khartoum | Niamey | N'Djamena | Bamako | +10 others
68%
A sailor could sail directly south and hit
Antarctica without hitting any land in between
Accra | Cape Town | Conakry | Dakar | Lima |
Lomé | Monrovia | Montevideo | Wellington
66%
Is below sea levelBaku | Amsterdam
62%
That, at one time, had the
world's tallest building
London | Kuala Lumpur | Taipei
60%
Home to an emperorTokyo
60%
Within sight of the Caucasus
Baku | Tbilisi | Yerevan
58%
Is one of the 200 most common names
for babies born in the United States in 2021
Sofia | Santiago | Victoria | Kingston
43%

Score Distribution

Percentile by Number Answered

Percent of People with Each Score

Your Score History

You have not taken this quiz